Legal pluralism in conflict : (Record no. 66599)
[ view plain ]
| 000 -LEADER | |
|---|---|
| fixed length control field | 01548cam a2200373 i 4500 |
| 003 - CONTROL NUMBER IDENTIFIER | |
| control field | EG-GICUC |
| 005 - DATE AND TIME OF LATEST TRANSACTION | |
| control field | 20260324115447.0 |
| 008 - FIXED-LENGTH DATA ELEMENTS--GENERAL INFORMATION | |
| fixed length control field | 060826s2005 enk frb 001 0 eng d |
| 020 ## - INTERNATIONAL STANDARD BOOK NUMBER | |
| International Standard Book Number | 1904385583 |
| Qualifying information | hbk. |
| 020 ## - INTERNATIONAL STANDARD BOOK NUMBER | |
| International Standard Book Number | 9781904385585 |
| Terms of availability | (hbk.) |
| 040 ## - CATALOGING SOURCE | |
| Original cataloging agency | Uk |
| Transcribing agency | Uk |
| Modifying agency | BAKER |
| -- | OrLoB |
| -- | OCoLC |
| -- | DLC |
| -- | EG-GICUC |
| Language of cataloging | eng |
| Description conventions | rda |
| 043 ## - GEOGRAPHIC AREA CODE | |
| Geographic area code | e-uk--- |
| 050 00 - LIBRARY OF CONGRESS CALL NUMBER | |
| Classification number | KD4100 |
| Item number | .S52 2005 |
| 082 04 - DEWEY DECIMAL CLASSIFICATION NUMBER | |
| Classification number | 341.84 |
| Edition number | 21 |
| 092 04 - LOCALLY ASSIGNED DEWEY CALL NUMBER (OCLC) | |
| Edition number | 21 |
| 099 ## - LOCAL FREE-TEXT CALL NUMBER (OCLC) | |
| Classification number | Law 12 2005 |
| 100 1# - MAIN ENTRY--PERSONAL NAME | |
| Personal name | Shah, Prakash. |
| 245 10 - TITLE STATEMENT | |
| Title | Legal pluralism in conflict : |
| Remainder of title | coping with cultural diversity in law / |
| Statement of responsibility, etc. | Prakash Shah with a foreword by Roger Cotterrell. |
| 264 ## - PRODUCTION, PUBLICATION, DISTRIBUTION, MANUFACTURE, AND COPYRIGHT NOTICE | |
| Place of production, publication, distribution, manufacture | London ; |
| -- | Portland, Or. : |
| Name of producer, publisher, distributor, manufacturer | Glass House Press, |
| Date of production, publication, distribution, manufacture, or copyright notice | 2005. |
| 300 ## - PHYSICAL DESCRIPTION | |
| Extent | xi, 206 pages ; |
| Dimensions | 23 cm. |
| 336 ## - CONTENT TYPE | |
| Content type term | text |
| Source | rdacontent |
| 337 ## - MEDIA TYPE | |
| Media type term | Computer |
| Source | rdamedia |
| 338 ## - CARRIER TYPE | |
| Carrier type term | Online Resource |
| Source | rdacarrier |
| 504 ## - BIBLIOGRAPHY, ETC. NOTE | |
| Bibliography, etc. note | Includes bibliographical references (p. [179]-197) and index. |
| 650 #0 - SUBJECT ADDED ENTRY--TOPICAL TERM | |
| Topical term or geographic name entry element | Religious minorities |
| General subdivision | Legal status, laws, etc. |
| Geographic subdivision | Great Britain. |
| 650 #0 - SUBJECT ADDED ENTRY--TOPICAL TERM | |
| Topical term or geographic name entry element | South Asians |
| General subdivision | Legal status, laws, etc. |
| Geographic subdivision | Great Britain. |
| 650 #0 - SUBJECT ADDED ENTRY--TOPICAL TERM | |
| Topical term or geographic name entry element | Legal polycentricity |
| Geographic subdivision | Great Britain. |
| 856 42 - ELECTRONIC LOCATION AND ACCESS | |
| Uniform Resource Identifier | <a href="https://fll.law.cu.edu.eg/fulltext/bks/ENGB12-00104.pdf">https://fll.law.cu.edu.eg/fulltext/bks/ENGB12-00104.pdf</a> |
| 856 42 - ELECTRONIC LOCATION AND ACCESS | |
| Materials specified | Contributor biographical information |
| Uniform Resource Identifier | <a href="http://www.loc.gov/catdir/enhancements/fy0626/2006281850-b.html">http://www.loc.gov/catdir/enhancements/fy0626/2006281850-b.html</a> |
| 856 42 - ELECTRONIC LOCATION AND ACCESS | |
| Materials specified | Publisher description |
| Uniform Resource Identifier | <a href="http://www.loc.gov/catdir/enhancements/fy0626/2006281850-d.html">http://www.loc.gov/catdir/enhancements/fy0626/2006281850-d.html</a> |
| 856 41 - ELECTRONIC LOCATION AND ACCESS | |
| Materials specified | Table of contents only |
| Uniform Resource Identifier | <a href="http://www.loc.gov/catdir/enhancements/fy0626/2006281850-t.html">http://www.loc.gov/catdir/enhancements/fy0626/2006281850-t.html</a> |
| 905 ## - Cataloger and Reviser Names | |
| Cataloger Name: | Hend El khosy |
| 942 ## - ADDED ENTRY ELEMENTS (KOHA) | |
| Source of classification or shelving scheme | Dewey Decimal Classification |
| Koha item type | Books |
| Edition | 21 |
| Suppress in OPAC | No |
| Withdrawn status | Lost status | Source of classification or shelving scheme | Damaged status | Not for loan | Collection | Home library | Current library | Date acquired | Total checkouts | Full call number | Barcode | Date last seen | Copy number | Price effective from | Koha item type | Public note |
|---|---|---|---|---|---|---|---|---|---|---|---|---|---|---|---|---|
| Dewey Decimal Classification | القانون الدولي الخاص | جــــامعة القــاهرة | مكتبة كلية الحقوق - فـرع الشيخ زايد | 24.03.2026 | Law2 12 341.84 SH . L 2005 1200106 C1 | ENGB12-00106 | 24.03.2026 | 1 | 24.03.2026 | Books | 1390 |